<?xml version="1.0" encoding="UTF-8"?><?xml-stylesheet type="text/xsl" href="static/style.xsl"?><OAI-PMH xmlns="http://www.openarchives.org/OAI/2.0/" xmlns:xsi="http://www.w3.org/2001/XMLSchema-instance" xsi:schemaLocation="http://www.openarchives.org/OAI/2.0/ http://www.openarchives.org/OAI/2.0/OAI-PMH.xsd"><responseDate>2026-04-18T04:48:49Z</responseDate><request verb="GetRecord" identifier="oai:riubu.ubu.es:10259/10828" metadataPrefix="marc">https://riubu.ubu.es/oai/request</request><GetRecord><record><header><identifier>oai:riubu.ubu.es:10259/10828</identifier><datestamp>2025-09-03T08:01:33Z</datestamp><setSpec>com_10259_2699</setSpec><setSpec>col_10259_2705</setSpec></header><metadata><record xmlns="http://www.loc.gov/MARC21/slim" xmlns:doc="http://www.lyncode.com/xoai" xmlns:xsi="http://www.w3.org/2001/XMLSchema-instance" xmlns:dcterms="http://purl.org/dc/terms/" xsi:schemaLocation="http://www.loc.gov/MARC21/slim http://www.loc.gov/standards/marcxml/schema/MARC21slim.xsd">
<leader>00925njm 22002777a 4500</leader>
<datafield tag="042" ind1=" " ind2=" ">
<subfield code="a">dc</subfield>
</datafield>
<datafield tag="720" ind1=" " ind2=" ">
<subfield code="a">San Mamés Albar, Raquel</subfield>
<subfield code="e">author</subfield>
</datafield>
<datafield tag="260" ind1=" " ind2=" ">
<subfield code="c">2025</subfield>
</datafield>
<datafield tag="520" ind1=" " ind2=" ">
<subfield code="a">Esta tesis analiza cómo ha evolucionado la representación de la mujer en los&#xd;
videojuegos, un medio que ha crecido exponencialmente y se ha consolidado como un&#xd;
importante espacio cultural. El estudio se centra en los diez videojuegos más vendidos en&#xd;
España en 2021, seleccionados por su impacto y popularidad, para identificar y&#xd;
categorizar las representaciones femeninas presentes en ellos. Los personajes femeninos&#xd;
se agrupan bajo tropos recurrentes que, a menudo, perpetúan estereotipos. Cada tropo se&#xd;
examina dentro del contexto narrativo y visual del juego, ofreciendo un análisis crítico&#xd;
sobre cómo influyen en la percepción de las mujeres y la cultura gamer. Con un enfoque&#xd;
que combina teoría del videojuego y análisis de género, la investigación evidencia las&#xd;
limitaciones en la representación femenina e invita a reflexionar sobre la necesidad de&#xd;
cambios en la industria para promover mayor inclusión y equidad.</subfield>
</datafield>
<datafield tag="520" ind1=" " ind2=" ">
<subfield code="a">This thesis analyzes how the representation of women in video games has evolved,&#xd;
a medium that has grown exponentially and become an important cultural space. The&#xd;
study focuses on the ten best-selling video games in Spain in 2021, selected for their&#xd;
impact and popularity, to identify and categorize the female representations they feature.&#xd;
Female characters are grouped under recurring tropes that often perpetuate stereotypes.&#xd;
Each trope is examined within the narrative and visual context of the game, offering a&#xd;
critical analysis of how they influence the perception of women and gamer culture.&#xd;
Combining video game theory and gender analysis, the research highlights the limitations&#xd;
of female representation and invites reflection on the need for changes in the industry to&#xd;
promote greater inclusion and equity</subfield>
</datafield>
<datafield tag="024" ind2=" " ind1="8">
<subfield code="a">https://hdl.handle.net/10259/10828</subfield>
</datafield>
<datafield tag="024" ind2=" " ind1="8">
<subfield code="a">10.36443/10259/10828</subfield>
</datafield>
<datafield ind1=" " ind2=" " tag="653">
<subfield code="a">Mujeres</subfield>
</datafield>
<datafield ind1=" " ind2=" " tag="653">
<subfield code="a">Videojuegos</subfield>
</datafield>
<datafield ind1=" " ind2=" " tag="653">
<subfield code="a">Representación femenina</subfield>
</datafield>
<datafield ind1=" " ind2=" " tag="653">
<subfield code="a">Estereotipos de género</subfield>
</datafield>
<datafield ind1=" " ind2=" " tag="653">
<subfield code="a">Industria de los videojuegos</subfield>
</datafield>
<datafield ind1=" " ind2=" " tag="653">
<subfield code="a">Women</subfield>
</datafield>
<datafield ind1=" " ind2=" " tag="653">
<subfield code="a">Games</subfield>
</datafield>
<datafield ind1=" " ind2=" " tag="653">
<subfield code="a">Female representation</subfield>
</datafield>
<datafield ind1=" " ind2=" " tag="653">
<subfield code="a">Gender stereotypes</subfield>
</datafield>
<datafield ind1=" " ind2=" " tag="653">
<subfield code="a">Video game industry</subfield>
</datafield>
<datafield tag="245" ind1="0" ind2="0">
<subfield code="a">De Ms. Pac-Man a Ellie: Evolución de la representación femenina en los videojuegos</subfield>
</datafield>
</record></metadata></record></GetRecord></OAI-PMH>